[Event "LSS No Engine Cup 33 Preliminary 7"]
[Site "LSS email"]
[Date "2010.12.27"]
[Round "?"]
[White "Van Esbroeck, Dirk"]
[Black "Jaszczowski, Zdzislaw"]
[Result "0-1"]
[WhiteElo "940"]
[BlackElo "814"]
[PlyCount "106"]
[EventDate "2010.12.28"]
[EventType "tourn (corr)"]
[EventRounds "6"]
[EventCountry "GER"]
[SourceTitle "Telechess CBM 147"]
[Source "ChessBase"]
[SourceDate "2012.03.16"]
[SourceVersion "1"]
[SourceVersionDate "2012.03.16"]
[SourceQuality "1"]

1. b4 e6 2. Bb2 d5 3. e3 c5 4. b5 b6 5. c4 Bb7 6. Nf3 Nf6 7. Be2 dxc4 8. Bxc4 Bd6 9. 0-0 0-0 10. d4 cxd4 11. Bxd4 Nbd7 12. Nbd2 e5 13. Bc3 e4 14. Nd4 Ne5 15. Be2 Ng6 16. a4 Re8 17. Nf5 Bc7 18. Qc2 Ne7 19. Ng3 Ned5 20. Bb2 Nb4 21. Qb1 Qxd2 22. Rd1 Qc2 23. Qxc2 Nxc2 24. Rac1 Bxg3 25. hxg3 Nb4 26. Rc7 Bd5 27. Ba3 Nd3 28. Bxd3 exd3 29. Rxd3 Be4 30. Rd4 a6 31. bxa6 Rxa6 32. Bc1 Rb8 33. f3 Bd5 34. Rb4 h6 35. e4 Be6 36. Bb2 Nd7 37. Bd4 Kh7 38. f4 Bg4 39. f5 Rd8 40. Kf2 Bd1 41. Rb7 Bxa4 42. Bxb6 Nxb6 43. R7xb6 Rxb6 44. Rxb6 f6 45. Ke3 Rd1 46. Rb4 Be8 47. g4 Ra1 48. Rd4 Re1+ 49. Kf2 Rc1 50. Rd2 Rc4 51. Kf3 Bc6 52. Re2 g6 53. g3 Rc3+ 0-1

[Event "SN-2010-0-00297"]
[Site "LSS email"]
[Date "2010.12.22"]
[Round "?"]
[White "Feng, Jason"]
[Black "Van Esbroeck, Dirk"]
[Result "1-0"]
[WhiteElo "822"]
[BlackElo "937"]
[PlyCount "71"]
[EventDate "2010.12.04"]
[EventType "tourn (corr)"]
[EventRounds "6"]
[EventCountry "GER"]
[SourceTitle "Telechess CBM 147"]
[Source "ChessBase"]
[SourceDate "2012.03.16"]
[SourceVersion "1"]
[SourceVersionDate "2012.03.16"]
[SourceQuality "1"]

1. d4 Nf6 2. c4 g6 3. Nc3 Bg7 4. e4 d6 5. Nf3 0-0 6. Be2 c5 7. d5 e6 8. 0-0 exd5 9. cxd5 Re8 10. Bd3 a6 11. Be3 Bg4 12. h3 Bxf3 13. Qxf3 Nbd7 14. Bf4 Ne5 15. Bxe5 Rxe5 16. Qg3 Qd7 17. f4 Re7 18. Rae1 Rae8 19. Re2 Nh5 20. Qf3 Bd4+ 21. Kh1 b5 22. f5 Nf6 23. fxg6 fxg6 24. e5 Bxe5 25. Rxe5 dxe5 26. Qxf6 Rf7 27. Qxa6 c4 28. Be2 Ref8 29. Rxf7 Qxf7 30. Qe6 Qxe6 31. dxe6 b4 32. Bxc4 Re8 33. Ne4 Kg7 34. Kh2 h6 35. Kg3 g5 36. Nd6 1-0

[Event "SN-2010-0-00297"]
[Site "LSS email"]
[Date "2010.12.22"]
[Round "?"]
[White "Van Esbroeck, Dirk"]
[Black "Hickl, Norbert"]
[Result "0-1"]
[WhiteElo "937"]
[BlackElo "1272"]
[PlyCount "74"]
[EventDate "2010.12.04"]
[EventType "tourn (corr)"]
[EventRounds "6"]
[EventCountry "GER"]
[SourceTitle "Telechess CBM 147"]
[Source "ChessBase"]
[SourceDate "2012.03.16"]
[SourceVersion "1"]
[SourceVersionDate "2012.03.16"]
[SourceQuality "1"]

1. b4 e6 2. Bb2 Nf6 3. b5 d5 4. e3 a6 5. c4 axb5 6. cxb5 Bd6 7. Nf3 0-0 8. Be2 Nbd7 9. 0-0 c5 10. Nc3 e5 11. d3 d4 12. exd4 exd4 13. Ne4 Nxe4 14. dxe4 Re8 15. Bd3 b6 16. Re1 Bb7 17. Qc2 h6 18. a4 Qc7 19. Rac1 Nf6 20. h3 Re7 21. Re2 Nh5 22. Qd1 Nf4 23. Re1 Nxd3 24. Qxd3 Rxa4 25. Nxd4 Be5 26. Nf5 Re8 27. Bxe5 Qxe5 28. f3 Ra2 29. Nd6 Rd8 30. Qc4 Rxg2+ 31. Kxg2 Rxd6 32. Rg1 Rd2+ 33. Kf1 Qh2 34. Rxg7+ Kxg7 35. Qc3+ Kh7 36. Qe3 Qh1+ 37. Qg1 Qxf3+ 0-1

[Event "SN-2010-0-00295"]
[Site "LSS email"]
[Date "2010.12.14"]
[Round "?"]
[White "Vontina, Maria"]
[Black "Van Esbroeck, Dirk"]
[Result "0-1"]
[WhiteElo "758"]
[BlackElo "937"]
[PlyCount "94"]
[EventDate "2010.11.27"]
[EventType "tourn (corr)"]
[EventRounds "6"]
[EventCountry "GER"]
[SourceTitle "Telechess CBM 147"]
[Source "ChessBase"]
[SourceDate "2012.03.16"]
[SourceVersion "1"]
[SourceVersionDate "2012.03.16"]
[SourceQuality "1"]

1. e4 Nf6 2. e5 Nd5 3. d4 d6 4. c4 Nb6 5. f4 dxe5 6. fxe5 Bf5 7. Be3 e6 8. Nf3 Bb4+ 9. Nc3 0-0 10. Be2 Nc6 11. 0-0 a6 12. a3 Be7 13. Rc1 h6 14. b4 f6 15. exf6 Bxf6 16. Qd2 Qe7 17. Rfd1 Rad8 18. Kf2 Bg4 19. Qd3 Bh4+ 20. Kg1 Bxf3 21. Bxf3 Bg5 22. Bxg5 Qxg5 23. Ne2 Rf6 24. Qe4 Rdf8 25. Rf1 Nxd4 26. Qxd4 Rxf3 27. Rxf3 Rxf3 28. Rf1 Rxf1+ 29. Kxf1 Qf6+ 30. Qxf6 gxf6 31. c5 Nc4 32. a4 e5 33. Nc3 c6 34. Ke2 Kf7 35. Kd3 Nb2+ 36. Ke3 Ke6 37. g4 f5 38. gxf5+ Kxf5 39. Kf3 Nd3 40. Na2 h5 41. Ke3 Nf4 42. Nc3 Nd5+ 43. Nxd5 cxd5 44. b5 axb5 45. axb5 Ke6 46. c6 bxc6 47. bxc6 Kd6 0-1

[Event "SN-2010-0-00292"]
[Site "LSS email"]
[Date "2010.12.01"]
[Round "?"]
[White "Pauk, Jozef"]
[Black "Van Esbroeck, Dirk"]
[Result "0-1"]
[WhiteElo "833"]
[BlackElo "937"]
[PlyCount "26"]
[EventDate "2010.11.15"]
[EventType "tourn (corr)"]
[EventRounds "6"]
[EventCountry "GER"]
[SourceTitle "Corr 2015"]
[Source "ChessBase"]
[SourceDate "2015.07.17"]
[SourceVersion "1"]
[SourceVersionDate "2015.07.17"]
[SourceQuality "1"]

1. e4 Nf6 2. Nc3 d5 3. f3 dxe4 4. fxe4 Nc6 5. h3 e5 6. d3 Bb4 7. Bd2 Be6 8. Nge2 0-0 9. Ng3 Nd7 10. Nf5 Bxf5 11. exf5 Qh4+ 12. Ke2 Nd4+ 13. Ke3 Qf4# 0-1

[Event "SN-2010-0-00292"]
[Site "LSS email"]
[Date "2010.12.01"]
[Round "?"]
[White "Van Esbroeck, Dirk"]
[Black "Goepfert, Christian"]
[Result "1-0"]
[WhiteElo "937"]
[BlackElo "434"]
[PlyCount "31"]
[EventDate "2010.11.15"]
[EventType "tourn (corr)"]
[EventRounds "6"]
[EventCountry "GER"]
[SourceTitle "Corr 2015"]
[Source "ChessBase"]
[SourceDate "2015.07.17"]
[SourceVersion "1"]
[SourceVersionDate "2015.07.17"]
[SourceQuality "1"]

1. b4 e5 2. Bb2 f6 3. b5 c5 4. c4 d6 5. e4 f5 6. Nc3 Nf6 7. Bd3 Be7 8. Nf3 f4 9. g3 Bg4 10. Be2 0-0 11. gxf4 exf4 12. Rg1 a6 13. a4 Bxf3 14. Bxf3 Nbd7 15. Nd5 Nxd5 16. Rxg7+ 1-0

[Event "SN-2010-0-00292"]
[Site "LSS email"]
[Date "2010.11.30"]
[Round "?"]
[White "Van Esbroeck, Dirk"]
[Black "Molina, Vicente Andres"]
[Result "0-1"]
[WhiteElo "937"]
[BlackElo "801"]
[PlyCount "78"]
[EventDate "2010.11.15"]
[EventType "tourn (corr)"]
[EventRounds "6"]
[EventCountry "GER"]
[SourceTitle "Telechess CBM 145"]
[Source "Chessbase"]
[SourceDate "2011.11.11"]
[SourceVersion "1"]
[SourceVersionDate "2011.11.11"]
[SourceQuality "1"]

1. b4 Nf6 2. Bb2 d6 3. c4 e5 4. e3 Be6 5. b5 Be7 6. Nf3 0-0 7. Be2 h6 8. 0-0 Nbd7 9. d4 e4 10. Nfd2 d5 11. cxd5 Bxd5 12. Nc3 c6 13. Nxd5 cxd5 14. Qb3 Qb6 15. a4 Rfc8 16. Rfc1 Rxc1+ 17. Rxc1 Nf8 18. f3 Rd8 19. Qc2 exf3 20. Bxf3 Ne6 21. Nb3 a6 22. bxa6 Qxa6 23. a5 Qd6 24. Qd3 Ng5 25. Qe2 Nxf3+ 26. gxf3 Nd7 27. Rc3 Bf6 28. Qc2 Nf8 29. Nc5 Qe7 30. Qd3 Ng6 31. Ba3 Qe8 32. Nxb7 Rb8 33. a6 Ra8 34. Bc5 Qc6 35. Ra3 Bg5 36. Qb3 Rxa6 37. Rxa6 Qxa6 38. Qb2 Bxe3+ 39. Kg2 Nf4+ 0-1

[Event "SN-2010-0-00268"]
[Site "LSS email"]
[Date "2010.08.16"]
[Round "?"]
[White "Venturas, Bob"]
[Black "Van Esbroeck, Dirk"]
[Result "0-1"]
[WhiteElo "709"]
[BlackElo "966"]
[PlyCount "76"]
[EventDate "2010.08.02"]
[EventType "tourn (corr)"]
[EventRounds "6"]
[EventCountry "GER"]
[SourceTitle "Telechess CBM 143"]
[Source "ChessBase"]
[SourceDate "2011.07.15"]
[SourceVersion "1"]
[SourceVersionDate "2011.07.15"]
[SourceQuality "1"]

1. e4 Nf6 2. e5 Nd5 3. Bc4 Nb6 4. Bb3 e6 5. a3 d6 6. Nf3 dxe5 7. Nxe5 Bd6 8. Nf3 0-0 9. Nc3 Nc6 10. d3 h6 11. Be3 Re8 12. 0-0 Nd7 13. Qd2 Qf6 14. Bd4 e5 15. Nd5 Qg6 16. Be3 Nf6 17. Nc3 Ng4 18. Nh4 Qh5 19. Nf3 e4 20. Nxe4 Bxh2+ 21. Kh1 Be5+ 22. Kg1 Bxb2 23. Rab1 Bxa3 24. Ng3 Qg6 25. Ra1 Nxe3 26. Rfe1 Bd7 27. Rxe3 Bc5 28. Rxe8+ Rxe8 29. Ne4 Be7 30. Qf4 Bd6 31. Qe3 a6 32. Nh4 Qh5 33. Nf3 Kf8 34. Re1 f5 35. Ng3 Bxg3 36. Qc5+ Bd6 37. Rxe8+ Bxe8 38. Qd5 Bf7 0-1

[Event "LSS SF-2009-0-00042"]
[Site "LSS email"]
[Date "2010.01.10"]
[Round "?"]
[White "Van Esbroeck, Dirk"]
[Black "Fernandez, German"]
[Result "0-1"]
[WhiteElo "994"]
[BlackElo "924"]
[PlyCount "44"]
[EventDate "2009.11.09"]
[EventType "tourn (corr)"]
[EventRounds "6"]
[EventCountry "GER"]
[SourceTitle "Telechess CBM 147"]
[Source "ChessBase"]
[SourceDate "2012.03.16"]
[SourceVersion "1"]
[SourceVersionDate "2012.03.16"]
[SourceQuality "1"]

1. b4 e6 2. Bb2 d5 3. Nf3 Nf6 4. b5 Be7 5. e3 0-0 6. c4 c6 7. a4 a6 8. Nc3 axb5 9. cxb5 cxb5 10. axb5 Rxa1 11. Qxa1 Nbd7 12. Be2 Qb6 13. 0-0 Nc5 14. d4 Nce4 15. Nxe4 Nxe4 16. Rb1 Bd7 17. Bc1 Rc8 18. Bd2 Rc2 19. Rb2 Qc7 20. Rxc2 Qxc2 21. Qe1 Nxd2 22. Qxd2 Qb1+ 0-1

[Event "LSS SF-2009-0-00041"]
[Site "LSS email"]
[Date "2009.12.18"]
[Round "?"]
[White "Van Esbroeck, Dirk"]
[Black "Andreani, Carlo"]
[Result "1-0"]
[WhiteElo "973"]
[BlackElo "998"]
[PlyCount "23"]
[EventDate "2009.10.17"]
[EventType "tourn (corr)"]
[EventRounds "6"]
[EventCountry "GER"]
[SourceTitle "Corr 2013"]
[Source "ChessBase"]
[SourceDate "2012.11.12"]
[SourceVersion "1"]
[SourceVersionDate "2012.11.12"]
[SourceQuality "1"]
[WhiteTeam "US of America"]
[BlackTeam "US of America"]
[WhiteTeamCountry "USA"]
[BlackTeamCountry "USA"]

1. b4 d5 2. Bb2 e6 3. b5 a6 4. a4 Nf6 5. e3 Nbd7 6. Nf3 axb5 7. axb5 Rxa1 8. Bxa1 Bd6 9. Be2 0-0 10. 0-0 e5 11. c4 e4 12. Nd4 1-0

[Event "LSS SF-2009-0-00041"]
[Site "LSS email"]
[Date "2009.12.16"]
[Round "?"]
[White "Naess, Jan Olav"]
[Black "Van Esbroeck, Dirk"]
[Result "1-0"]
[WhiteElo "1711"]
[BlackElo "973"]
[PlyCount "49"]
[EventDate "2009.10.17"]
[EventType "tourn (corr)"]
[EventRounds "6"]
[EventCountry "GER"]
[SourceTitle "Corr 2013"]
[Source "ChessBase"]
[SourceDate "2012.11.12"]
[SourceVersion "1"]
[SourceVersionDate "2012.11.12"]
[SourceQuality "1"]
[WhiteTeam "US of America"]
[BlackTeam "US of America"]
[WhiteTeamCountry "USA"]
[BlackTeamCountry "USA"]

1. d4 Nf6 2. Bg5 g6 3. Nf3 Bg7 4. e3 0-0 5. Be2 d6 6. 0-0 b6 7. Nc3 Bb7 8. h3 h6 9. Bh4 Nbd7 10. a4 Re8 11. a5 bxa5 12. Nd2 c5 13. Nc4 a4 14. Rxa4 Nb6 15. Ra3 Qd7 16. Na5 c4 17. Bxf6 Bxf6 18. Nxc4 Nxc4 19. Bxc4 a6 20. Qd3 Qc6 21. Qxg6+ Kh8 22. Qxh6+ Kg8 23. Qg6+ Bg7 24. Qxf7+ Kh7 25. Qh5+ 1-0

[Event "LSS SF-2009-0-00034"]
[Site "LSS email"]
[Date "2009.09.03"]
[Round "?"]
[White "Fernandez, German"]
[Black "Van Esbroeck, Dirk"]
[Result "1-0"]
[WhiteElo "931"]
[BlackElo "973"]
[PlyCount "69"]
[EventDate "2009.05.27"]
[EventType "tourn (corr)"]
[EventRounds "6"]
[EventCountry "GER"]
[SourceTitle "Corr 2013"]
[Source "ChessBase"]
[SourceDate "2012.11.12"]
[SourceVersion "1"]
[SourceVersionDate "2012.11.12"]
[SourceQuality "1"]
[WhiteTeam "US of America"]
[BlackTeam "US of America"]
[WhiteTeamCountry "USA"]
[BlackTeamCountry "USA"]

1. d4 Nf6 2. c4 g6 3. Nc3 Bg7 4. e4 d6 5. Nf3 0-0 6. Be2 e5 7. dxe5 dxe5 8. Qxd8 Rxd8 9. Bg5 Nc6 10. Nd5 Rd6 11. Bxf6 Bxf6 12. Nxc7 Rb8 13. Nd5 Bg7 14. 0-0-0 Be6 15. Kb1 Bxd5 16. cxd5 Ne7 17. Nd2 b5 18. Rc1 a6 19. Nb3 Nxd5 20. exd5 Rxd5 21. Rhd1 Rxd1 22. Rxd1 Bf8 23. Rd7 Ra8 24. Bf3 Re8 25. Bd5 Re7 26. Rxe7 Bxe7 27. f3 Bd8 28. Nc5 a5 29. Kc2 Kg7 30. Nd7 f6 31. Kd3 h5 32. Ke4 Bc7 33. g4 h4 34. Nc5 Kf8 35. Ne6+ 1-0

[Event "LSS SF-2009-0-00034"]
[Site "LSS email"]
[Date "2009.09.03"]
[Round "?"]
[White "Nayegandhi, Jay"]
[Black "Van Esbroeck, Dirk"]
[Result "1-0"]
[WhiteElo "1146"]
[BlackElo "994"]
[PlyCount "71"]
[EventDate "2009.05.27"]
[EventType "tourn (corr)"]
[EventRounds "6"]
[EventCountry "GER"]
[SourceTitle "Telechess CBM 147"]
[Source "ChessBase"]
[SourceDate "2012.03.16"]
[SourceVersion "1"]
[SourceVersionDate "2012.03.16"]
[SourceQuality "1"]

1. e4 Nf6 2. e5 Nd5 3. d4 d6 4. Nf3 g6 5. Bc4 Nb6 6. Bb3 Bg7 7. Ng5 d5 8. f4 f6 9. Nf3 Nc6 10. c3 Bg4 11. Nbd2 fxe5 12. fxe5 e6 13. h3 Bxf3 14. Nxf3 Qd7 15. Bg5 h6 16. Bh4 g5 17. Bg3 0-0-0 18. 0-0 Rhf8 19. Qe2 Na5 20. Bc2 a6 21. b4 Nac4 22. a4 Qe7 23. a5 Nd7 24. Bd3 c6 25. Bxc4 dxc4 26. Nd2 Rf5 27. Nxc4 Kb8 28. Nd6 Rff8 29. c4 Rxf1+ 30. Rxf1 Rf8 31. Rb1 Qd8 32. b5 Ka7 33. bxc6 bxc6 34. Rb7+ Ka8 35. Qb2 Qxa5 36. Ra7+ 1-0

[Event "LSS SF-2009-0-00034"]
[Site "LSS email"]
[Date "2009.09.03"]
[Round "?"]
[White "Van Esbroeck, Dirk"]
[Black "Tjiptadi, Kudus"]
[Result "0-1"]
[WhiteElo "1003"]
[BlackElo "1059"]
[PlyCount "70"]
[EventDate "2009.05.27"]
[EventType "tourn (corr)"]
[EventRounds "6"]
[EventCountry "GER"]
[SourceTitle "Telechess CBM 137"]
[Source "ChessBase"]
[SourceDate "2010.07.15"]
[SourceVersion "1"]
[SourceVersionDate "2010.07.15"]
[SourceQuality "1"]

1. b4 Nf6 2. Bb2 d6 3. e3 c6 4. c4 e5 5. Nf3 Be7 6. Be2 0-0 7. 0-0 Bf5 8. Nc3 h6 9. d4 e4 10. Nd2 d5 11. cxd5 cxd5 12. b5 a6 13. a4 Nbd7 14. Qb3 Be6 15. Rfc1 a5 16. Rc2 Bb4 17. Rac1 Nb6 18. Ba3 Bxa3 19. Qxa3 Rc8 20. f3 exf3 21. Nxf3 Bf5 22. Rd2 Ne4 23. Rdd1 Nxc3 24. Rxc3 Rxc3 25. Qxc3 Nxa4 26. Qa3 Nb6 27. Qxa5 Qd6 28. Rc1 Ra8 29. Qd2 Re8 30. Kf2 Be4 31. Bd3 Bxf3 32. gxf3 Qxh2+ 33. Ke1 Qh1+ 34. Ke2 Qg2+ 35. Kd1 Qxf3+ 0-1

[Event "LSS SF-2009-0-00032"]
[Site "LSS email"]
[Date "2009.07.08"]
[Round "?"]
[White "Van Esbroeck, Dirk"]
[Black "Tjiptadi, Kudus"]
[Result "0-1"]
[WhiteElo "1014"]
[BlackElo "1043"]
[PlyCount "66"]
[EventDate "2009.05.07"]
[EventType "tourn (corr)"]
[EventRounds "6"]
[EventCountry "GER"]
[SourceTitle "Telechess CBM 137"]
[Source "ChessBase"]
[SourceDate "2010.07.15"]
[SourceVersion "1"]
[SourceVersionDate "2010.07.15"]
[SourceQuality "1"]

1. b4 Nf6 2. Bb2 d5 3. e3 e6 4. b5 Be7 5. Nf3 0-0 6. c4 c6 7. a4 dxc4 8. Bxc4 cxb5 9. axb5 Nbd7 10. Nc3 Nb6 11. Be2 a6 12. bxa6 bxa6 13. 0-0 Bb7 14. d4 Rc8 15. Bxa6 Bxa6 16. Rxa6 Nc4 17. Ba1 h6 18. Qa4 Nd5 19. Nxd5 exd5 20. Rd1 Bd6 21. Nd2 Qe7 22. Nxc4 Rxc4 23. Qa2 Rfc8 24. g3 Rc1 25. Qe2 Ba3 26. Kg2 Rxd1 27. Qxd1 Qe4+ 28. Kh3 Rc1 29. Qb3 Qf5+ 30. Kg2 Qe4+ 31. Kh3 Be7 32. Ra8+ Kh7 33. Ra2 g5 0-1

[Event "LSS SN-2009-0-00164"]
[Site "LSS email"]
[Date "2009.06.27"]
[Round "?"]
[White "Vontina, Maria"]
[Black "Van Esbroeck, Dirk"]
[Result "1/2-1/2"]
[WhiteElo "689"]
[BlackElo "1023"]
[PlyCount "108"]
[EventDate "2009.06.11"]
[EventType "tourn (corr)"]
[EventRounds "6"]
[EventCountry "GER"]
[SourceTitle "Telechess CBM 137"]
[Source "ChessBase"]
[SourceDate "2010.07.15"]
[SourceVersion "1"]
[SourceVersionDate "2010.07.15"]
[SourceQuality "1"]

1. d4 Nf6 2. c4 g6 3. Nc3 Bg7 4. e4 d6 5. f3 0-0 6. Nge2 Nc6 7. Be3 e5 8. d5 Ne7 9. Nc1 c6 10. Bd3 Bd7 11. 0-0 a6 12. b4 Rc8 13. Qd2 cxd5 14. cxd5 b5 15. Nb3 Rb8 16. Na5 Nc8 17. a3 Nb6 18. Qe2 Qe7 19. Rac1 Rfc8 20. Nb1 Qd8 21. Rxc8 Nxc8 22. Rc1 Ne7 23. Nd2 Rc8 24. Ndb3 Rxc1+ 25. Bxc1 Nc8 26. Bg5 h6 27. Be3 Qc7 28. Qd2 g5 29. Kf2 Ne7 30. h3 Nh7 31. Qc2 Qxc2+ 32. Bxc2 f5 33. Ke2 fxe4 34. fxe4 Nf6 35. Kf3 g4+ 36. hxg4 Bxg4+ 37. Kf2 Kf7 38. Nd2 Bh5 39. Nb7 Nc8 40. a4 Ng4+ 41. Kf3 Bf6 42. axb5 axb5 43. Bd3 Bh4 44. Bg1 Nf2+ 45. Ke3 Ng4+ 46. Ke2 Nf2+ 47. Ke3 Ng4+ 48. Ke2 Nf2+ 49. Nf3 Nxd3 50. Kxd3 Be7 51. Bh2 Kf6 52. Nh4 Bg6 53. Nxg6 Kxg6 54. Na5 Kg5 1/2-1/2

[Event "LSS OP-2008-0-00670"]
[Site "LSS email"]
[Date "2008.11.02"]
[Round "?"]
[White "Van Esbroeck, Dirk"]
[Black "Van Esbroeck, Jeff"]
[Result "1-0"]
[WhiteElo "800"]
[BlackElo "1751"]
[PlyCount "77"]
[EventDate "2008.11.01"]
[EventType "tourn (corr)"]
[EventRounds "4"]
[EventCountry "GER"]
[SourceTitle "Corr 2011"]
[Source "ChessBase"]
[SourceDate "2010.08.31"]
[SourceVersion "1"]
[SourceVersionDate "2010.08.31"]
[SourceQuality "1"]

1. b4 e5 2. Bb2 Bxb4 3. Bxe5 Nf6 4. e3 c6 5. Nf3 0-0 6. Be2 d5 7. 0-0 Be6 8. Bb2 Nbd7 9. a3 Be7 10. d4 Ne4 11. Nbd2 Nxd2 12. Qxd2 Qb6 13. Rfb1 Nf6 14. Bd3 Bd6 15. h3 Ne4 16. Qe1 h6 17. c4 Nf6 18. c5 Bh2+ 19. Nxh2 Qc7 20. Nf3 Qd7 21. Ne5 Qc8 22. Qf1 Ne4 23. Rd1 Rb8 24. Nf3 b6 25. cxb6 axb6 26. Rdc1 c5 27. Bxe4 dxe4 28. Nd2 Bd5 29. a4 Qd8 30. Ba3 Re8 31. dxc5 bxc5 32. Bxc5 Rc8 33. Bd4 f6 34. a5 Rxc1 35. Qxc1 Qd7 36. Qb2 Qd6 37. a6 Rb8 38. Qa3 Ra8 39. Qxd6 1-0